Perspektívy riešenia izraelsko-palestínskeho konfliktu diplomová práca

Enregistré dans:
Détails bibliographiques
Auteur principal: Iskierka, Lukáš
Collectivité auteur: Fakulta medzinárodných vzťahov EU. Katedra medzinárodných politických vzťahov
Autres auteurs: Kucharčík, Rudolf, 1977-
Format: Livre
Langue:slovaque
Publié: Bratislava 2013
Tags: Ajouter un tag
Pas de tags, Soyez le premier à ajouter un tag!

MARC

LEADER 00000nbm a2200000 4500
001 0242070
005 20180417102602.8
041 0 |a slo 
044 |a SK 
245 1 0 |a Perspektívy riešenia izraelsko-palestínskeho konfliktu  |b diplomová práca  |c Lukáš Iskierka ; školiteľ: Rudolf Kucharčík 
264 1 |a Bratislava  |c 2013 
300 |a 61 s. 
100 1 |a Iskierka, Lukáš 
700 1 |a Kucharčík, Rudolf, 1977- 
710 2 |a Fakulta medzinárodných vzťahov EU. Katedra medzinárodných politických vzťahov